[Event "Linares"]
[Site "12"]
[Date "1994.??.??"]
[Round "3"]
[White "Topalov, Veselin"]
[Black "Kasparov, Gary"]
[Result "1/2-1/2"]
[WhiteElo "2640"]
[BlackElo "2805"]
[Annotator "JvR"]
[PlyCount "87"]
[EventDate "1994.??.??"]

1. c4 g6 2. e4 Bg7 3. d4 d6 4. Nc3 Nf6 5. f4 O-O 6. Nf3 c5 7. dxc5 Qa5 8. Bd3
Qxc5 9. Qe2 Bg4 10. Be3 Qa5 11. O-O Nc6 12. Rac1 Nd7 13. Qf2 Bxf3 14. gxf3 Nc5
15. Bb1 Na4 16. Nxa4 Qxa4 17. b3 Qa3 18. c5 dxc5 19. Bxc5 Qxc5 $1 20. Rxc5 Bd4
21. Rd1 ({A plus is gained by} 21. Qxd4 $1 Nxd4 22. Rc7) 21... Bxf2+ 22. Kxf2
Rfd8 23. Rcd5 e6 24. Rxd8+ Rxd8 25. Rxd8+ Nxd8 26. Ke3 Kf8 27. f5 e5 28. f4 f6
29. fxe5 fxe5 30. fxg6 hxg6 31. h4 Kg7 $5 32. Kd3 $5 {Both players have made
an inciting move. Kasparov bails out.} Kf6 ({Black can try to win with} 32...
Kh6 $1 33. Kc4 Kh5 34. Kd5 Nc6 35. b4 a6 {(Makarichev), but} 36. a4 $1 Kxh4 37.
b5 axb5 38. axb5 Nd4 39. Bd3 Nf3 40. Be2 Nd4 {results in a repetition of
positions.}) 33. Kc4 Ke6 34. Kc5 b6+ 35. Kb5 Kd6 36. b4 Kc7 37. a4 Ne6 38. Ba2
Nd4+ 39. Ka6 Kb8 40. Bf7 Nf3 41. Bxg6 Nxh4 42. Bf7 Nf3 43. a5 bxa5 44. bxa5 {
Karpov leads by three victorues, Kasparov has 2 1/2 points and Shirov only
scored a draw.} 1/2-1/2

[Event "Linares"]
[Site "12"]
[Date "1994.??.??"]
[Round "4"]
[White "Karpov, Anatoly"]
[Black "Topalov, Veselin"]
[Result "1-0"]
[WhiteElo "2740"]
[BlackElo "2640"]
[Annotator "JvR"]
[PlyCount "77"]
[EventDate "1994.??.??"]

1. d4 Nf6 2. c4 c5 3. Nf3 cxd4 4. Nxd4 e6 5. g3 Nc6 6. Bg2 Bc5 7. Nb3 Be7 8.
Nc3 O-O 9. O-O d6 10. Bf4 Nh5 11. e3 $5 Nxf4 12. exf4 Bd7 13. Qd2 Qb8 $5 14.
Rfe1 g6 $6 15. h4 a6 16. h5 b5 $6 {Black allows attacks on the wings.} 17. hxg6
hxg6 18. Nc5 $1 dxc5 $2 ({Correct is} 18... Be8 19. Nxe6 $1 fxe6 20. Rxe6 {
(Karpov)} Ra7 $1) 19. Qxd7 Rc8 {Karpov finds a repeated rook sacrifice.} 20.
Rxe6 $3 ({Less convincing is} 20. Bxc6 Ra7 $1) 20... Ra7 ({White wins faster in
} 20... fxe6 21. Bxc6 Ra7 22. Qxe6+ Kg7 23. Nd5) 21. Rxg6+ $1 fxg6 ({Avoids} 
21... Kf8 22. Qh3 fxg6 23. Qh8+ Kf7 24. Bd5#) ({and} 21... Kh7 22. Qh3+ Kxg6
23. Be4+) 22. Qe6+ Kg7 23. Bxc6 Rd8 24. cxb5 Bf6 25. Ne4 Bd4 ({Or} 25... Bxb2
26. Rb1 Bd4 27. b6 $1) 26. bxa6 Qb6 27. Rd1 Qxa6 28. Rxd4 Rxd4 29. Qf6+ Kg8 30.
Qxg6+ Kf8 31. Qe8+ Kg7 32. Qe5+ Kg8 33. Nf6+ Kf7 34. Be8+ Kf8 35. Qxc5+ Qd6 ({
The pointe is} 35... Rd6 36. Ne4) 36. Qxa7 Qxf6 37. Bh5 Rd2 38. b3 Rb2 39. Kg2
1-0

[Event "Linares"]
[Site "12"]
[Date "1994.??.??"]
[Round "4"]
[White "Kasparov, Gary"]
[Black "Ivanchuk, Vassily"]
[Result "1-0"]
[WhiteElo "2805"]
[BlackElo "2710"]
[Annotator "JvR"]
[PlyCount "77"]
[EventDate "1994.??.??"]

1. d4 Nf6 2. c4 c6 3. Nc3 d5 4. Nf3 e6 5. Bg5 dxc4 6. e4 b5 7. e5 h6 8. Bh4 g5
9. Nxg5 hxg5 10. Bxg5 Nbd7 11. exf6 Bb7 12. g3 c5 13. d5 Nxf6 14. Bg2 Bh6 $5
15. Bxf6 $5 {A novelty gets a daring answer.} Qxf6 16. O-O O-O-O 17. Nxb5 exd5
$2 ({Correct is} 17... a6 $1 18. Nc3 {and now} exd5 {(Kasparov).}) 18. Nxa7+
Kb8 19. Nb5 Bg7 20. a4 Qh6 21. h4 Bf6 ({The promising defence} 21... Bxb2 22.
Rb1 c3 23. Qc2 Qf6 24. Rxb2 $1 cxb2 25. Qxc5 {leads to a sad result.}) 22. Qe1
Bxh4 23. Qa5 ({An alternative win brings} 23. Qe5+ Ka8 24. gxh4 $1 Qxh4 25. Qc7
Rdg8 26. Qa5+ Kb8 27. Qa7+ Kc8 28. Qxc5+ Kb8 29. Qa7+ Kc8 30. Nd6+ $1 Kd7 31.
Qxb7+) 23... Be7 24. Qc7+ Ka8 25. Qa5+ Kb8 26. Qc7+ Ka8 27. Rfe1 Bd6 $1 28. Qb6
Bb8 29. a5 Rd7 30. Re8 $3 {The ruffle rook cannot be touched.} Qh2+ ({Not} 
30... Rxe8 31. Qxh6) 31. Kf1 Qxg2+ ({Another point is} 31... Rxe8 32. a6) 32.
Kxg2 d4+ 33. Qxb7+ $1 ({Avoids} 33. Kf1 Rxe8) 33... Rxb7 34. Rxh8 Rxb5 35. a6
Ka7 36. Rf8 Rxb2 37. Rxf7+ Ka8 38. a7 c3 39. Rf8 1-0

[Event "Linares"]
[Site "12"]
[Date "1994.??.??"]
[Round "4"]
[White "Shirov, Alexei"]
[Black "Illescas Cordoba, Miguel"]
[Result "1-0"]
[WhiteElo "2705"]
[BlackElo "2590"]
[Annotator "JvR"]
[PlyCount "61"]
[EventDate "1994.??.??"]

1. e4 c5 2. Nf3 Nc6 3. d4 cxd4 4. Nxd4 e5 5. Nb5 d6 6. N1c3 a6 7. Na3 b5 8. Nd5
Nf6 9. Bg5 Be7 10. Bxf6 Bxf6 11. c3 O-O 12. Nc2 Rb8 13. a3 a5 14. h4 g6 15. g3
Bg7 16. h5 Ne7 ({Less advisable is} 16... Qg5 $6 {(Borm-King, Amsterdam 1982).}
) 17. hxg6 hxg6 18. Nce3 Nxd5 19. Nxd5 Be6 20. Bh3 Bxd5 $2 ({Correct is} 20...
Qd7 21. Bxe6 fxe6 22. Ne3 Qf7 {(Shirov).}) 21. Qxd5 Qc7 22. O-O Rfd8 23. Rfd1
Bh6 24. Bf1 Qb7 $6 25. Qxb7 Rxb7 26. Rd5 b4 27. cxb4 axb4 28. a4 Kf8 29. a5 Bg5
30. a6 Rb6 $6 31. Rb5 1-0

[Event "Linares"]
[Site "12"]
[Date "1994.??.??"]
[Round "5"]
[White "Polgar, Judit"]
[Black "Kasparov, Gary"]
[Result "0-1"]
[WhiteElo "2630"]
[BlackElo "2805"]
[Annotator "JvR"]
[PlyCount "92"]
[EventDate "1994.??.??"]

1. e4 c5 2. Nf3 d6 3. d4 cxd4 4. Nxd4 Nf6 5. Nc3 a6 6. f4 e6 7. Be2 Be7 8. O-O
Qc7 9. Qe1 Nbd7 10. a4 b6 11. Bf3 Bb7 12. Kh1 Rd8 13. Be3 O-O 14. Qg3 Nc5 15.
f5 $1 ({The alternative} 15. e5 dxe5 16. fxe5 Nfe4 {leads to exchanges.}) 15...
e5 16. Bh6 Ne8 17. Nb3 Nd7 $1 18. Rad1 Kh8 19. Be3 Nef6 20. Qf2 Rfe8 21. Rfe1
Bf8 22. Bg5 h6 23. Bh4 Rc8 24. Qf1 Be7 25. Nd2 Qc5 $1 ({Avoids} 25... Nxe4 $6
26. Rxe4) 26. Nb3 Qb4 27. Be2 $2 {A bliunder costs a pawn.} Bxe4 $1 28. Nxe4
Nxe4 29. Bxe7 Rxe7 30. Bf3 Nef6 ({Better is} 30... Ndf6 $1) 31. Qxa6 Ree8 32.
Qe2 Kg8 33. Bb7 Rc4 34. Qd2 Qxa4 35. Qxd6 $6 Rxc2 36. Nd2 {A time trouble
incident happens. Kasparov moves a knight to c5. Did he lose contact with the
piece? Thereafter it moves to f8.} Nf8 $6 ({Best is} 36... Rxb2) ({What if} 
36... Nc5 {had been played? Then} 37. Bc6 Qh4 $1 38. Bxe8 Ng4 $1 39. h3 Nf2+
40. Kg1 Nxh3+ $1 41. gxh3 Qg3+ {draws (Timman).}) 37. Ne4 N8d7 38. Nxf6+ Nxf6
39. Qxb6 Ng4 40. Rf1 $2 e4 $2 (40... Nf2+ 41. Rxf2 Rxf2 {wins at once 
(Kasparov).}) 41. Bd5 ({Or} 41. Rd4 Rf2 $1 42. Rc1 Qc2 $1 43. Qc6 $1 Qxb2 $1
44. Qxe8+ Kh7 $19) 41... e3 $1 42. Bb3 Qe4 43. Bxc2 Qxc2 44. Rd8 Rxd8 45. Qxd8+
Kh7 46. Qe7 Qc4 {The young and small Judit bitterly complained about the grave
event. It has remained a topic for debate.} (46... Qc4 47. Ra1 (47. Kg1 e2 48.
Re1 Qd4+ {and smothered mate}) 47... Qf4 $1) 0-1

[Event "Linares"]
[Site "12"]
[Date "1994.??.??"]
[Round "5"]
[White "Topalov, Veselin"]
[Black "Shirov, Alexei"]
[Result "0-1"]
[WhiteElo "2640"]
[BlackElo "2705"]
[Annotator "JvR"]
[PlyCount "68"]
[EventDate "1994.??.??"]

1. e4 g6 2. d4 Bg7 3. Nc3 c6 4. Nf3 d5 5. h3 Nh6 6. Bf4 f6 7. Be2 $5 Nf7 8. Bh2
O-O 9. O-O b6 $5 10. Re1 Bb7 11. Bf1 Nd7 12. a4 $1 a6 13. a5 b5 14. exd5 cxd5
15. Re6 $5 {White blockades in a strange way. The players have made remarkable
moves without committing errors.} Rc8 $6 ({More effective is} 15... Re8 16. Qe1
Nf8 17. Re2 e6) 16. Nxb5 $6 {A piece is given for two pawns.} (16. Qe2 Re8 17.
Re1 {takes less risk.}) 16... axb5 17. Bxb5 f5 18. Qe2 Nf6 19. a6 (19. Rb6 $1
Ba8 20. c3 {is excellent.}) 19... Ba8 20. Rxe7 $5 Rxc2 $1 21. Qxc2 Qxe7 22. Qa4
Qe6 23. b4 $2 ({Both players have chances in} 23. a7 $1 g5 $1 {(Shirov)} 24.
Qa6 $1 Qe7 25. Bb8 Nd7 $1 26. Bc6 Nxb8 27. axb8=Q Rxb8 28. Bxa8 g4 $1) 23...
Ne4 24. Bf1 g5 25. b5 g4 26. Ne1 Qb6 27. Nc2 Rc8 28. Bf4 Bh6 29. Bxh6 Qxh6 30.
hxg4 Qd2 31. f3 Qf2+ 32. Kh2 Nfg5 33. Ne1 Qh4+ 34. Kg1 Nh3+ (34... Nh3+ 35.
gxh3 Qf2+ 36. Kh1 Ng3#) 0-1

[Event "Linares"]
[Site "12"]
[Date "1994.??.??"]
[Round "6"]
[White "Gelfand, Boris"]
[Black "Kasparov, Gary"]
[Result "1/2-1/2"]
[WhiteElo "2685"]
[BlackElo "2800"]
[Annotator "JvR"]
[PlyCount "97"]
[EventDate "1994.??.??"]

1. d4 d5 2. c4 e6 3. Nc3 Be7 4. cxd5 exd5 5. Bf4 Nf6 6. e3 Bf5 7. Nge2 O-O 8.
Ng3 Be6 9. Bd3 c5 10. dxc5 Bxc5 11. O-O Nc6 12. Rc1 Bd6 13. Nge2 $5 (13. Nh5 {
was played in Kasparov-Yusupov, Linares 1993.}) 13... Rc8 $6 ({Better is} 13...
Bxf4 14. Nxf4 d4 15. Nxe6 fxe6 16. exd4 Nxd4 {(Gelfand).}) 14. Bb1 Bxf4 15.
Nxf4 Bg4 16. f3 Be6 17. Qd2 Qe7 18. Nb5 a6 19. Nd4 Ne5 20. b3 Bd7 21. g4 $1 Ng6
22. Ng2 $1 Ne8 $6 {The protection of pawn d5 should continue.} 23. Rxc8 Bxc8
24. Rc1 Nd6 $2 ({Right is} 24... Bd7) 25. Bxg6 $1 hxg6 26. Nf4 Re8 $5 {Black
does not defend d5, because he will lose the pawn anyway.} 27. Nxd5 Qg5 28. Nf4
Qe5 29. Ng2 g5 $5 30. Qb4 Nb5 31. Nxb5 axb5 32. Qd4 Qe7 33. Qc5 Qf6 34. Qxb5
Rd8 35. Qe2 Be6 36. Qf2 Rd3 37. h4 gxh4 38. Nxh4 g5 39. Ng2 Qe5 40. Qc2 $4 ({
Later Gelfand finds} 40. e4 $1 Qd6 41. Re1 Rd2 42. Re2 Rd1+ 43. Ne1 {and he
will win eventually.}) 40... Qd6 $1 41. Ne1 Rxe3 42. Qf2 Qe5 43. Ng2 Re2 44.
Re1 Rxf2 45. Rxe5 Rxf3 46. Ne3 Bd7 47. Rxg5+ Kf8 48. Nf5 Bxf5 49. gxf5 1/2-1/2

[Event "Linares"]
[Site "12"]
[Date "1994.??.??"]
[Round "6"]
[White "Karpov, Anatoly"]
[Black "Polgar, Judit"]
[Result "1-0"]
[WhiteElo "2740"]
[BlackElo "2630"]
[Annotator "JvR"]
[PlyCount "65"]
[EventDate "1994.??.??"]

1. e4 c5 2. c3 $5 e6 3. d4 d5 4. exd5 exd5 $6 {Judit has been lured into a
passive variation.} ({Better is} 4... Qxd5) 5. Nf3 Nc6 6. Bb5 c4 $5 7. Ne5 Qb6
8. Bxc6+ bxc6 9. O-O Bd6 10. b3 cxb3 11. axb3 Ne7 12. Ba3 $1 Bxe5 $2 {
Hereafter, restraint paralyses Black.} ({She has to accept the drawbacks of} 
12... Bxa3 13. Rxa3 O-O 14. Re1) 13. dxe5 Be6 $5 ({The desirable} 13... c5 {
fails due to} 14. b4 $1 c4 15. b5 Qxb5 16. Bxe7 Kxe7 17. Qd4) 14. Qd4 $1 Nf5 $1
({Avoids} 14... Qxb3 $2 15. Bxe7 Kxe7 16. Qc5+ Kd7 17. Qd6+) 15. Qc5 h5 16. Nd2
f6 17. exf6 gxf6 18. Bb4 Kf7 19. Ra4 Qxc5 20. Bxc5 a6 21. f3 h4 22. Rfa1 Bc8
23. Kf2 Rb8 24. b4 Re8 25. Nb3 Bb7 26. Na5 Ba8 27. R4a2 Re6 28. Ba7 Rb5 $6 ({
Slightly better is} 28... Rbe8 29. Nb3 Re5 $1 30. Bd4 $1) 29. Nb3 Bb7 30. g4
hxg3+ 31. hxg3 Re8 32. g4 Nd6 33. Nd4 $1 1-0

[Event "Linares"]
[Site "12"]
[Date "1994.??.??"]
[Round "6"]
[White "Shirov, Alexei"]
[Black "Ivanchuk, Vassily"]
[Result "1-0"]
[WhiteElo "2705"]
[BlackElo "2710"]
[Annotator "JvR"]
[PlyCount "121"]
[EventDate "1994.??.??"]

1. e4 e5 2. Nf3 Nc6 3. Nc3 Nf6 4. Bb5 Nd4 5. Ba4 Nxf3+ 6. Qxf3 Bb4 7. Ne2 O-O
8. c3 Ba5 9. h3 d5 10. d3 Bd7 11. Bc2 dxe4 12. dxe4 Ne8 13. g4 $5 Qf6 $6 14.
Qxf6 Nxf6 15. Bg5 $1 Be6 16. Bxf6 gxf6 17. Ng3 Rfd8 $2 (17... c5 18. Nh5 Bd8 {
protects the threatened pawn.}) 18. Nh5 $1 Rd6 19. Nxf6+ Kh8 20. f4 Rad8 21.
Rh2 c5 $6 22. f5 $2 ({Material will be won after} 22. fxe5 Rb6 {(Shirov)} 23.
Rd2 Rxd2 24. Kxd2 Rxb2 25. Nd5 c4 26. a4 $1) 22... Bxf5 23. exf5 Rxf6 24. Rd1
Rxd1+ 25. Kxd1 Rd6+ 26. Rd2 Bc7 $2 ({Right is} 26... Rxd2+ 27. Kxd2 Kg7 $1) 27.
Rxd6 Bxd6 28. Ke2 $2 (28. Be4 $1 {(Shirov)} b6 29. g5 h6 30. h4 $1 {utilises
the unfavourable position of the black king.}) 28... Be7 $5 ({Less risk takes} 
28... Kg7 29. Kd3 Kf6 30. Ke4 h6) 29. Kd3 Bg5 30. Kc4 Bc1 31. b3 Bd2 32. Kxc5
Bxc3 33. Be4 $5 (33. f6 $1 {(Shirov) can be answered by} h5 $1 34. g5 Kg8 35.
Kd6 Kf8) 33... Kg7 $1 34. Bxb7 Kf6 35. Bd5 {Black has sacrificed a pawn for a
counteraction. He should use the momentum.} h6 $2 ({Black escapes by} 35... h5
36. Kc4 {(Shirov)} Bd2 37. Kd3 Bf4) 36. b4 Ke7 37. b5 f6 38. Kc6 Ba5 39. Be4
Ke8 40. Kd6 Kf7 41. h4 Be1 42. h5 Bb4+ 43. Kd7 Ba3 44. Bd5+ Kf8 45. Ke6 Kg7 46.
Be4 Bf8 47. a4 Bb4 48. Kd7 Kf8 49. Kc6 Ke7 50. Kb7 Bc5 51. a5 Kd6 52. b6 axb6
53. a6 b5 54. a7 Bxa7 55. Kxa7 Kc5 56. Ka6 b4 57. Ka5 Kd4 58. Kxb4 Kxe4 59. g5
hxg5 60. h6 Kxf5 61. h7 {Standings after six rounds: Karpov 6, Kasparov 5 and
Shirov 3 1/2.} 1-0

[Event "Linares"]
[Site "12"]
[Date "1994.??.??"]
[Round "7"]
[White "Kasparov, Gary"]
[Black "Karpov, Anatoly"]
[Result "1/2-1/2"]
[WhiteElo "2800"]
[BlackElo "2740"]
[Annotator "JvR"]
[PlyCount "81"]
[EventDate "1994.??.??"]

1. e4 c6 2. d4 d5 3. Nd2 dxe4 4. Nxe4 Nd7 5. Bc4 Ngf6 6. Ng5 e6 7. Qe2 Nb6 8.
Bb3 h6 9. N5f3 a5 10. c3 c5 $5 11. a3 $5 Qc7 12. Ne5 $6 {White allows a
weakening.} cxd4 13. cxd4 a4 ({Karpov does not like} 13... Bxa3 $5 14. Bxh6 $1
Bxb2 15. Qxb2 Rxh6) 14. Bc2 Bd7 15. Nxd7 Nbxd7 16. Qd1 Bd6 17. Ne2 $5 Nd5 18.
Bd2 b5 19. Nc3 Nxc3 20. Bxc3 Nf6 21. Qd3 Nd5 $1 22. Bd2 (22. Qxb5+ $2 Ke7 $1
23. Qd3 Rhc8 {gives way to an attack.}) 22... Ke7 23. Rc1 Qc4 24. Ke2 $6 Rhb8
$6 ({Karpov regards} 24... Nf4+ 25. Bxf4 Bxf4 26. Qxc4 bxc4 27. Rb1 Rhd8 28.
Rhd1 Bg5 29. g3 f5 30. f4 Bf6 31. Ke3 Ra5 32. Rd2 Rb8 {as won for White, but}
33. Rc1 $1 Rxb2 34. Bd1 Rxd2 35. Kxd2 Bxd4 36. Rxc4 {leads to an escape.}) 25.
g3 $1 Qxd3+ 26. Bxd3 b4 27. Ra1 $5 bxa3 28. bxa3 Rb3 29. Bc2 Rxa3 30. Rxa3 Bxa3
31. Ra1 Bb2 32. Rxa4 Rxa4 33. Bxa4 Bxd4 34. f4 Kd6 35. Kf3 f5 36. h4 Bb2 37. g4
fxg4+ 38. Kxg4 Nf6+ 39. Kf3 Nd5 40. Bc2 Bf6 41. h5 {Karpov lost his score of
100%.} 1/2-1/2

[Event "Linares"]
[Site "12"]
[Date "1994.??.??"]
[Round "7"]
[White "Polgar, Judit"]
[Black "Shirov, Alexei"]
[Result "0-1"]
[WhiteElo "2630"]
[BlackElo "2705"]
[Annotator "JvR"]
[PlyCount "96"]
[EventDate "1994.??.??"]

1. e4 g6 2. d4 Bg7 3. Nc3 c6 4. Nf3 d6 5. Bg5 $5 Qb6 $5 6. Rb1 Bg4 7. Be3 Bxf3
8. gxf3 Qc7 9. h4 $5 e6 10. h5 d5 11. Qd2 Nd7 12. b4 Ngf6 13. h6 $1 Bf8 14. Bf4
Qd8 ({Even better is} 14... e5 $1 {(Shirov).}) 15. Bd3 Be7 16. Ne2 O-O 17. c3
b5 18. Kf1 a5 19. a3 Nb6 20. Re1 Ne8 $1 21. Be5 $6 ({More solid is} 21. Kg2 Nd6
22. Ra1) 21... Nd6 22. Bg7 Ndc4 23. Qc1 Re8 24. e5 axb4 25. axb4 Ra2 26. Qf4
Rd2 27. Bb1 Na4 28. Kg2 Nab2 29. Qg4 $1 Na3 30. Nf4 Nxb1 31. Rxb1 Nd3 32. Nxd3
Rxd3 33. Ra1 $2 {Judit has a hallucination.} (33. Rhc1 f5 $1 34. exf6 Bxf6 35.
Bxf6 Qxf6 36. Ra1 Rf8 37. f4 {is okay.}) 33... Rxc3 34. Ra7 Rc4 $1 35. Rha1
Rxb4 36. Qf4 c5 37. Rxe7 Qxe7 38. Bf6 Qc7 39. Ra6 Rxd4 40. Qg5 Ra4 41. Rd6 Raa8
42. Rc6 $5 Qa7 $1 43. Bd8 ({The desirable} 43. Ra6 {is refuted by} Qxa6 $1 44.
Be7 f5 $1 45. Qf6 Rxe7 46. Qxe7 Qa7 $1) 43... f6 44. Bxf6 c4 45. Qg4 Qf7 46.
Qd4 Rec8 47. Qb6 Rxc6 48. Qxc6 Rb8 0-1

[Event "Linares"]
[Site "12"]
[Date "1994.??.??"]
[Round "8"]
[White "Gelfand, Boris"]
[Black "Karpov, Anatoly"]
[Result "0-1"]
[WhiteElo "2685"]
[BlackElo "2740"]
[Annotator "JvR"]
[PlyCount "104"]
[EventDate "1994.??.??"]

1. e4 c6 2. d4 d5 3. exd5 cxd5 4. c4 Nf6 5. Nc3 e6 6. Nf3 Bb4 7. Bd3 dxc4 8.
Bxc4 O-O 9. O-O b6 10. Bg5 Bb7 11. Re1 Bxc3 12. bxc3 Nbd7 13. Bd3 Qc7 14. Rc1
Qd6 $5 15. Bh4 Rfc8 16. Bg3 Qa3 17. c4 $5 (17. Qb3 {gains a plus (Dautov).})
17... Nf8 ({Karpov avoids the chancy} 17... Qxa2 $6 18. Ra1 Qb2 19. Bd6 Bxf3
20. gxf3 Kh8 21. Bf1 $1) 18. Ne5 $1 Ng6 19. Re3 Qf8 20. f4 Qd8 21. Bb1 Ne7 22.
Bh4 Ng6 23. Bg5 b5 $2 24. Bxg6 hxg6 25. Rh3 $2 (25. Rb1 $1 {wins a pawn.})
25... Rc7 26. d5 exd5 27. c5 $1 ({Not} 27. cxb5 $2 Rxc1 28. Qxc1 Qb6+) 27...
Bc8 28. Rb3 Qe8 29. Qd4 Bf5 30. Re3 Qf8 31. Bxf6 gxf6 32. Nf3 Be4 33. Nd2 f5
34. Rec3 a5 35. c6 Qb4 36. Nb3 Qd6 37. Qf2 $2 ({The wonderful} 37. Rh3 $1 f6
38. Qf2 Rxc6 39. Rxc6 Qxc6 40. Qh4 Qb6+ 41. Kh1 {(Karpov)} Qa7 $1 42. Qh8+ Kf7
43. Qh7+ $1 Kf8 $1 {draws.}) 37... b4 38. Rc5 a4 39. Nd4 Bd3 40. Qd2 Bc4 41.
Qxb4 Qxf4 42. Qc3 Re8 43. Rd1 Re3 44. Qc1 Qe4 45. Qa1 Rc8 46. Ra5 Ra3 47. Qb1
Qe3+ 48. Kh1 Rxa2 49. Nf3 Bb3 50. Qc1 f4 51. Re1 Rc2 52. Qa1 Qb6 0-1

[Event "Linares"]
[Site "12"]
[Date "1994.??.??"]
[Round "8"]
[White "Shirov, Alexei"]
[Black "Kasparov, Gary"]
[Result "1/2-1/2"]
[WhiteElo "2705"]
[BlackElo "2805"]
[Annotator "JvR"]
[PlyCount "58"]
[EventDate "1994.??.??"]

1. e4 c5 2. Nf3 d6 3. Bb5+ Nd7 4. O-O Ngf6 5. Re1 a6 6. Bf1 b6 7. d4 cxd4 8.
Nxd4 Bb7 9. f3 e6 10. a4 Be7 11. a5 b5 12. c4 bxc4 13. Bxc4 O-O $5 {Kasparov
allows a spectacular combination.} 14. Nc3 (14. Bxe6 $1 fxe6 15. Nxe6 Qc8 16.
Nxf8 Bxf8 17. Nc3 {gains a slight advantage.}) 14... Ne5 15. Bf1 Qc7 16. Be3 d5
17. exd5 Nxd5 18. Nxd5 Bxd5 19. Nf5 $1 {Shirov needs sharp action in order to
survive.} Bb4 20. Bb6 Qb8 21. Qd4 $5 Bxe1 22. Rxe1 exf5 23. Qxd5 Re8 24. Rc1
Re6 25. b4 h5 ({White has a sufficient defence in} 25... Rd6 $1 26. Qb3 (26.
Qxe5 $2 Rxb6 $1) 26... Rxb6 27. axb6 Qxb6+ 28. Kh1 Rb8 29. Qd5 $1 {(Shirov).})
26. Bc7 Qa7+ 27. Bb6 Qb8 28. Bc7 Qa7+ 29. Bb6 Qb8 {Shirirov did not score his
usual defeat against Kasparov.} 1/2-1/2

[Event "Linares"]
[Site "12"]
[Date "1994.??.??"]
[Round "9"]
[White "Kasparov, Gary"]
[Black "Kamsky, Gata"]
[Result "1-0"]
[WhiteElo "2805"]
[BlackElo "2695"]
[Annotator "JvR"]
[PlyCount "79"]
[EventDate "1994.??.??"]

1. e4 c6 2. d4 d5 3. Nd2 dxe4 4. Nxe4 Nd7 5. Ng5 Ngf6 6. Bd3 e6 7. N1f3 Bd6 8.
Qe2 h6 9. Ne4 Nxe4 10. Qxe4 Qc7 11. Qg4 g5 $5 12. Qh3 $1 Rg8 $1 13. Nd2 $1 ({
Not} 13. Qxh6 $2 Bf8 14. Qh7 Nf6 15. Qh3 g4 16. Qh4 gxf3 17. Qxf6 fxg2 18. Rg1
Qxh2 {(Kasparov).}) 13... Bf8 $5 ({An alternative brings} 13... c5 $1 14. Qxh6
cxd4 15. Ne4 Qa5+) 14. Ne4 Bg7 15. O-O $1 {White sacrifices for the attack.}
Bxd4 16. Be3 $1 Be5 (16... Bxb2 $5 17. Rad1 {seems like pushing your Luck 
(Anand).}) 17. Rad1 Nf6 $2 ({Correct is} 17... b6 $1 18. Bc4 Rg6 $1) 18. Nxf6+
Bxf6 19. Bh7 {White invades the hostile position.} Rh8 $6 (19... Rf8 $1 {saves
a tempo.}) 20. Qxh6 Be7 {Black loses in all variations.} ({See} 20... g4 21.
Qxf6 Rxh7 22. h4 $1) ({Gary's} 20... Qe7 21. Bc5 $1 Rxh7 22. Rd8+ $3 Qxd8 23.
Qf8+ Kd7 24. Rd1+ Kc7 25. Rxd8 Bxd8 26. Qd6#) ({and} 20... Be5 21. Bxg5 Bxh2+
22. Kh1 $1 Be5 23. Rd8+) 21. Qg7 Rf8 22. Rd3 Bd7 23. Bxg5 Bxg5 24. Qxg5 Qd8 25.
Qe5 Qe7 26. Qc7 Bc8 27. Qa5 b6 28. Qe5 Ba6 29. Be4 Rc8 30. c4 $1 Rg8 ({The
pointe is} 30... Bxc4 31. Bxc6+ Rxc6 32. Qb8+) 31. b3 Bb7 32. Rfd1 Ba8 33. c5
$1 bxc5 34. Rd6 c4 35. bxc4 c5 36. Bxa8 Rxa8 37. Qxc5 Rb8 38. g3 Qb7 39. Qd4
Kf8 40. Qf6 1-0

[Event "Linares"]
[Site "12"]
[Date "1994.??.??"]
[Round "10"]
[White "Gelfand, Boris"]
[Black "Shirov, Alexei"]
[Result "1/2-1/2"]
[WhiteElo "2685"]
[BlackElo "2705"]
[Annotator "JvR"]
[PlyCount "113"]
[EventDate "1994.??.??"]

1. d4 d5 2. c4 c6 3. Nc3 Nf6 4. Nf3 a6 5. c5 Nbd7 6. h3 g6 7. Bf4 Bg7 8. e3 O-O
9. Be2 Ne8 10. O-O Nc7 11. b4 Re8 12. Qd2 e5 13. Nxe5 Nxe5 14. dxe5 Bxe5 15.
Bxe5 Rxe5 16. e4 a5 17. a3 axb4 18. axb4 Rxa1 19. Rxa1 Qf6 20. exd5 $6 ({
Better is} 20. Rd1 $1 {(Shirov-Bologan, Bundesliga 1993).}) 20... Rxd5 21. Qc1
Rd4 22. b5 Kg7 23. bxc6 bxc6 24. Qe3 Ne6 25. Ra8 Bd7 26. Bg4 Nxc5 27. Bxd7 Nxd7
28. Qe8 Rd3 29. Ne4 Rd1+ 30. Kh2 Qe5+ 31. Qxe5+ Nxe5 32. f4 Nd3 33. Ra7 Nxf4
34. Ng5 Rd5 35. Rxf7+ Kg8 36. Rxf4 Rxg5 37. Rf6 c5 38. Rc6 $1 Kf7 39. Rc7+ Ke6
40. Rxh7 c4 41. Rc7 Kd5 42. h4 Re5 43. Kg3 Kd4 44. Rd7+ Ke3 45. Rc7 Re4 46. Rc6
Kd3 47. Kf3 Rd4 48. Rxg6 c3 49. Ra6 c2 50. Ra1 Kc3 51. Rc1 Kd2 52. Rxc2+ Kxc2
53. g4 Kd3 54. h5 Re4 55. g5 Rh4 56. g6 Rxh5 57. Kf4 {White draws with his
last pawn.} 1/2-1/2

[Event "Linares"]
[Site "12"]
[Date "1994.??.??"]
[Round "10"]
[White "Kamsky, Gata"]
[Black "Karpov, Anatoly"]
[Result "1/2-1/2"]
[WhiteElo "2695"]
[BlackElo "2740"]
[Annotator "JvR"]
[PlyCount "133"]
[EventDate "1994.??.??"]

1. e4 e5 2. Nf3 Nf6 3. Nxe5 d6 4. Nf3 Nxe4 5. d4 d5 6. Bd3 Be7 7. O-O Nc6 8.
Re1 Bg4 9. c4 Nf6 10. cxd5 Bxf3 11. Qxf3 Qxd5 12. Qxd5 Nxd5 13. Be4 O-O-O 14.
Nc3 Bb4 15. Bd2 Nf6 16. Bxc6 bxc6 17. Be3 Nd5 18. Rac1 Nxe3 19. fxe3 c5 20. Rf1
f6 21. Rf5 Rhe8 22. dxc5 $2 (22. a3 Bxc3 23. bxc3 Rxe3 24. Rxc5 {keeps the
positional advantage.}) 22... Rxe3 23. Na4 c6 24. Kf1 Rd4 25. b3 Kd7 26. Nb2
Ke6 27. Rf2 Rd5 28. g3 Rxc5 29. Nc4 Re4 30. a3 Ba5 31. Rfc2 Bc7 32. b4 Rf5+ 33.
Kg2 h5 $2 ({Correct is} 33... Kd7) 34. Nb2 Kf7 35. Rd2 Bb6 36. Nc4 Bc7 37. Rd7+
Re7 38. Rxc7 Rxc7 39. Nd6+ Ke6 40. Nxf5 Kxf5 41. Rc5+ Ke6 42. Rxh5 g5 43. h4 c5
44. bxc5 Rxc5 45. hxg5 Ra5 46. Rh6 Rxg5 47. Rh4 Ra5 48. Re4+ Kf5 49. Re3 Kg5
50. Rc3 Ra4 51. Kf3 $6 f5 52. Rd3 Rc4 53. Re3 a5 54. Re5 a4 55. Re8 $5 Rc3+ 56.
Kg2 Rxa3 57. Ra8 Ra1 58. Ra6 f4 59. gxf4+ Kxf4 60. Rf6+ Ke4 61. Rg6 Ke3 62. Rg4
a3 63. Rg3+ Ke4 64. Rb3 Ra2+ 65. Kg3 Kd4 66. Rf3 Ra1 67. Kg2 1/2-1/2